00860nam a2200253 4500003000400000005001700004008004100021020001800062040001800080041001300098050001900111100003400130240006900164245013400233264003700367300003300404336002200437337002400459338002400483650003200507700003900539942001100578999001700589OSt20260601171008.0260417b2011\\\\|||a||||\e|||\00|\0\spa\d a9788425224027 aICIbspacICI aspaheng aNC997bK551218 1aKnight, Carolynd1947-932647 aDiagrams : innovative solutions for graphic designerslEspañol 1aDiagramas /bgrandes ejemplos de infografía contemporánea :cCarolyn Knight, Jessica Glaser; [traducción de Olga Hernando] bGustavo Gili,c2011aBarcelona : a224 páginasbilustraciones atexto2rdacontent asin medio2rdamedia avolumen2rdacarrier aMétodos gráficos932648 aGlaser, Jessica,etraductor932649 2ddccB c20379d20379